000 00546nam a2200181 i 4500
001 60023
003 ES-MaACL
005 20230906164137.0
007 t|
008 031103s1971 sp ||||1| spa d
100 1 _aEspadaler, J. M.
_947743
245 1 0 _aEnfermedades musculares /
_cJ.M. Espadaler, M. Bacells Riba, J. Jubert-Gruart.
260 _aBarcelona :
_bSalvat,
_c[1971]
300 _aVIII, 257 p. :
_bil. ;
_c26 cm.
700 1 _aBacells Riba, M.
_924451
700 1 _aJubert-Gruart, J.
_967176
852 _aES-MaACL
_jC-37283
_bR.78651
999 _c60023
_d60023